[Event "Défi"]
[Site "www.echecsemail.com"]
[Date "2026.01.06"]
[Round "1"]
[White "Kaby771"]
[Black "Tartu"]
[WhiteElo "1810"]
[BlackElo "1690"]
[Result "0-1"]
1.d4 Ng8f6
2.c4 c5
3.Ng1f3 g6
4.Bc1g5 Bf8g7
5.Nb1c3 O-O
6.Qd1d2 Rf8e8
7.O-O-O cxd4
8.Nf3xd4 Nb8c6
9.e4 d6
10.f4 Bc8g4
11.Bf1e2 Bg4xe2
12.Qd2xe2 Nc6xd4
13.Rd1xd4 Qd8a5
14.h4 e5
15.Rd4xd6 Nf6h5
16.f5 Nh5g3
17.Qe2e1 Ng3xh1
18.Qe1xh1 Qa5c5
19.Rd6d7 Ra8b8
20.Qh1f1 f6
21.Bg5d2 a6
22.fxg6 hxg6
23.g4 b5
24.h5 g5
25.cxb5 axb5
26.Bd2xg5 b4
27.h6 bxc3
28.Rd7xg7 Kh8
29.Bg5xf6 Qc5e3
30.Kb1 Qe3xe4
31.Kc1 cxb2
32.Kd2 Re8d8
33.Bf6xd8 Rb8xd8
34.Kc3 Qe4d4
35.Kc2 Rd8c8
36.Kb1 Rc8c1
37.Qf1xc1 bxc1Q
38.Kxc1 Qd4a1
39.Kd2 Qa1xa2
40.Ke3 Qa2a4
41.g5 Qa4f4
42.Ke2 e4
43.g6 Qf4h2
44.Ke3 Qh2e5
45.Rg7f7 Qe5g5
46.Kd4 Qg5xg6
47.Rf7f4 Qg6xh6
48.Rf4xe4 Qh6f6
49.Kd5 Kg8
50.Re4g4 Kf7
51.Ke4 Ke6
52.Rg4f4 Qf6g5
53.Kf3 Ke5
54.Rf4e4 Kf5
55.Re4b4 Qg5h5
56.Kf2 Qh5h2
57.Ke3 Qh2g1
58.Kd3 Qg1g3
59.Kc4 Ke5
60.Rb4b5 Ke4
61.Rb5b7 Qg3g8
62.Kb5 Qg8e8
63.Kb6 Kd5
64.Rb7c7 Qe8b8
65.Rc7b7 Qb8d6
66.Ka7 Qd6a3
67.Kb6 Qa3d6
68.Ka7 Kc5
69.Rb7b1 Qd6c7
70.Rb1b7 Qc7c6
71.Kb8 Kd6
72.Ka7 Qc6a4
73.Kb8 Qa4e8
74.Ka7 Qe8d8
75.Rb7b6 Kc5
76.Rb6b7 Qd8a5
77.Kb8 Kc6
78.Rb7b1 Qa5c7
79.Ka8 Qc7a5
80.Kb8 Qa5a2
81.Rb1b7 Qa2g8
82.Ka7 Qg8d8
83.Ka6 Qd8c8
{ abandon }0-1

[Event "Coupe Niveau 1"]
[Site "www.echecsemail.com"]
[Date "2026.01.06"]
[Round "1"]
[White "4x4"]
[Black "Jlr"]
[WhiteElo "1480"]
[BlackElo "1340"]
[Result "1-0"]
1.e4 e5
2.f4 Qd8h4
3.g3 Qh4f6
4.f5 Bf8c5
5.Ng1f3 Nb8c6
6.d3 Bc5b4
7.c3 Bb4a5
8.b4 Ba5b6
9.Bc1g5 Qf6d6
10.Nb1a3 h6
11.Bg5d2 f6
12.Na3c4 Qd6e7
13.a4 a5
14.b5 Nc6a7
15.Nc4xb6 cxb6
16.Bf1g2 d6
17.Nf3h4 Qe7f7
18.O-O g5
19.Nh4g6 Rh8h7
20.d4 Qf7c4
21.Rf1f2 d5
22.Bg2f1 Qc4c7
23.dxe5 dxe4
24.e6 Qc7d6
25.Bf1g2 Ng8e7
26.Bg2xe4 Ne7xg6
27.fxg6 Rh7g7
28.Be4f5 Ke7
29.g4 Qd6c5
30.Qd1c2 Bc8xe6
31.Bf5xe6 Kxe6
32.Qc2d3 Ra8f8
33.Ra1e1 Qc5e5
34.Re1xe5 Kxe5
35.Rf2e2 1-0

[Event "Défi"]
[Site "www.echecsemail.com"]
[Date "2026.01.06"]
[Round "1"]
[White "Jmr"]
[Black "Sam94"]
[WhiteElo "1510"]
[BlackElo "1500"]
[Result "1-0"]
1.e4 d5
2.exd5 Qd8xd5
3.Nb1c3 Qd5a5
4.d4 e5
5.dxe5 Qa5xe5
6.Qd1e2 Qe5xe2
7.Bf1xe2 Bf8b4
8.Bc1d2 Nb8c6
9.O-O-O Ng8e7
10.a3 Bb4c5
11.f3 O-O
12.Bd2f4 Bc5d6
13.Bf4xd6 cxd6
14.Rd1xd6 Bc8f5
15.Be2d3 Nc6a5
16.Bd3xf5 Ne7xf5
17.Rd6d5 Na5b3
18.cxb3 Nf5e3
19.Rd5d2 Rf8e8
20.Ng1h3 Ra8d8
21.g4 Rd8xd2
22.Kxd2 Ne3g2
23.Nh3f2 Ng2h4
24.f4 Nh4f3
25.Kc1 Nf3d4
26.h4 Nd4xb3
27.Kb1 g6
28.g5 Re8e6
29.h5 Re6e3
30.Rh1h3 Re3e1
31.Kc2 Nb3d4
32.Kd3 Nd4f5
33.Kd2 Re1e6
34.Nf2e4 Re6b6
35.Kc1 Nf5d4
36.Ne4f6 Kh8
37.b4 Nd4f5
38.h6 Rb6e6
39.Rh3d3 Re6e1
40.Kd2 { abandon }1-0

[Event "Défi"]
[Site "www.echecsemail.com"]
[Date "2026.01.06"]
[Round "1"]
[White "Pourquoipas"]
[Black "Xercott"]
[WhiteElo "1650"]
[BlackElo "1790"]
[Result "0-1"]
1.f4 d5
2.Ng1f3 c5
3.e3 Ng8f6
4.Bf1e2 Nb8c6
5.b3 e6
6.Bc1b2 Bf8e7
7.O-O O-O
8.Qd1e1 a6
9.Be2d3 Nc6b4
10.Qe1h4 Nb4xd3
11.cxd3 d4
12.exd4 b6
13.Nf3g5 h6
14.Ng5f3 Nf6d5
15.Qh4g4 e5
16.dxe5 Bc8xg4
17.d4 Nd5xf4
18.Nf3e1 g5
19.Nb1c3 Qd8xd4
20.Kh1 Qd4xd2
21.Rf1f2 Qd2xf2
{ abandon }0-1

[Event "Défi( 10J+24H/c 10J Max )"]
[Site "www.echecsemail.com"]
[Date "2026.01.06"]
[Round "1"]
[White "Orosco"]
[Black "4x4"]
[WhiteElo "2200"]
[BlackElo "1480"]
[Result "1-0"]
1.e4 e5
2.Ng1f3 d6
3.d4 Bc8g4
4.dxe5 Bg4xf3
5.Qd1xf3 dxe5
6.Qf3b3 f6
7.Bf1c4 b6
8.Bc4f7 Kd7
9.Qb3e6 1-0

[Event "Défi"]
[Site "www.echecsemail.com"]
[Date "2026.01.06"]
[Round "1"]
[White "Whisky"]
[Black "Malvina"]
[WhiteElo "1350"]
[BlackElo "1290"]
[Result "1-0"]
1.Ng1f3 d5
2.d4 Nb8c6
3.g3 Qd8d6
4.Bf1g2 e5
5.c3 e4
6.Bc1f4 Qd6d7
7.Nf3e5 Qd7e6
8.Ne5xc6 Qe6xc6
9.O-O Ng8f6
10.Bf4e5 Nf6d7
11.Qd1d2 Bf8d6
12.Be5xg7 Rh8g8
13.Bg7e5 Bd6xe5
14.f3 Nd7f6
15.dxe5 Nf6h5
16.g4 Nh5g7
17.Qd2d4 Ng7e6
18.Qd4d2 Bc8d7
19.fxe4 dxe4
20.Qd2e3 Rg8xg4
21.h3 Rg4g5
22.h4 Rg5xe5
23.Nb1d2 Ne6g7
24.Bg2xe4 Qc6a6
25.Nd2f3 Re5e6
26.Nf3g5 Qa6b6
27.Qe3xb6 Re6xb6
28.Rf1xf7 h6
29.Rf7xg7 hxg5
30.Rg7g8 Ke7
31.Rg8xa8 gxh4
32.Ra8xa7 Rb6xb2
33.Ra7xb7 Rb2xe2
34.Be4f3 Re2e3
35.Kg2 Re3xc3
36.Rb7b4 h3
37.Kg3 Kd6
38.Rb4d4 Ke6
39.Ra1e1 Kf5
40.Rd4f4 Kg5
41.Re1e5 Kg6
42.Kh2 Rc3c2
43.Re5e2 Rc2c1
44.Bf3g4 Bd7xg4
45.Rf4xg4 Kf5
46.Rg4g3 Kf4
47.Kxh3 Rc1h1
48.Kg2 Rh1d1
49.Re2f2 Ke4
50.Rf2f7 c6
51.Rf7e7 Kf5
52.Rg3f3 Kg4
53.Re7g7 Kh4
54.Rf3h3 1-0

[Event "Tournoi n27362"]
[Site "www.echecsemail.com"]
[Date "2026.01.06"]
[Round "1"]
[White "Hermite"]
[Black "Wenoketo"]
[WhiteElo "1510"]
[BlackElo "1630"]
[Result "0-1"]
1.e4 c6
2.Ng1f3 e6
3.d3 d5
4.Nf3e5 dxe4
5.d4 Bf8d6
6.Qd1g4 Bd6xe5
7.dxe5 g6
8.Qg4xe4 Ng8e7
9.Bf1c4 Ne7d5
10.Bc4xd5 Qd8xd5
11.Qe4xd5 cxd5
12.O-O O-O
13.Nb1d2 Nb8c6
14.Rf1e1 Bc8d7
15.Nd2f3 Ra8c8
16.Bc1h6 Rf8e8
17.Ra1d1 a6
18.b3 Nc6a7
19.Nf3d4 Na7c6
20.Nd4f3 Nc6b4
21.c4 Bd7c6
22.cxd5 Bc6xd5
23.a3 Nb4c6
24.Rd1d3 Bd5xf3
25.Rd3xf3 Nc6d4
26.Rf3d3 Nd4c2
27.Re1d1 Nc2xa3
28.Rd3d7 Na3b5
29.Rd7xb7 Rc8b8
30.Rb7a7 Rb8a8
31.Ra7d7 Nb5c3
32.Rd1e1 Nc3d5
33.h3 Re8d8
34.Rd7c7 Nd5xc7
{ abandon }0-1

[Event "Tournoi n27252"]
[Site "www.echecsemail.com"]
[Date "2026.01.06"]
[Round "1"]
[White "Voyageur"]
[Black "Nbelnico"]
[WhiteElo "1510"]
[BlackElo "1730"]
[Result "1-0"]
1.d4 d5
2.c4 dxc4
3.e3 b5
4.Qd1f3 c6
5.Nb1c3 Ng8f6
6.Nc3xb5 Bc8b7
7.Bc1d2 a6
8.Nb5a3 e6
9.Na3xc4 Bf8e7
10.g3 Qd8c7
11.Bf1g2 c5
12.Qf3xb7 Qc7xb7
13.Bg2xb7 Ra8a7
14.Bb7g2 O-O
15.dxc5 Be7xc5
16.O-O-O Bc5e7
17.Kb1 Ra7c7
18.Rd1c1 Rf8c8
19.b3 Nf6d5
20.Bg2xd5 exd5
21.Nc4b6 Rc7xc1
22.Bd2xc1 Rc8d8
23.Ng1e2 Nb8c6
24.Rh1d1 Nc6b4
25.Bc1a3 a5
26.Ba3xb4 axb4
27.Nb6xd5 f6
28.Nd5xe7 { abandon }1-0

[Event "Coupe Niveau 2"]
[Site "www.echecsemail.com"]
[Date "2026.01.06"]
[Round "1"]
[White "Patau"]
[Black "Anton17"]
[WhiteElo "1720"]
[BlackElo "1420"]
[Result "0-1"]
1.e4 e5
2.Ng1f3 Nb8c6
3.c3 Ng8f6
4.d4 exd4
5.e5 Nf6d5
6.cxd4 Bf8b4
7.Bc1d2 Bb4xd2
8.Nb1xd2 O-O
9.Bf1d3 d6
10.O-O Bc8g4
11.h3 Bg4h5
12.g4 Bh5g6
13.Nd2e4 Nd5f4
14.Kh2 Rf8e8
15.Qd1d2 Nf4xd3
16.Qd2xd3 d5
17.Ne4f6 gxf6
18.Qd3e3 fxe5
19.Qe3c3 e4
20.Nf3e5 Nc6xe5
21.dxe5 Qd8g5
22.Qc3xc7 Qg5xe5
23.Qc7xe5 Re8xe5
24.Ra1c1 h6
25.Rc1c7 b6
26.Rf1e1 Ra8e8
27.Rc7xa7 e3
28.fxe3 Re5xe3
29.Re1xe3 Re8xe3
30.b3 Re3e2
31.Kg3 d4
32.Kf3 d3
33.Ra7a8 Kg7
{ abandon }0-1

[Event "Tournoi échelle division 1"]
[Site "www.echecsemail.com"]
[Date "2026.01.06"]
[Round "1"]
[White "Nbelnico"]
[Black "Domenico"]
[WhiteElo "1740"]
[BlackElo "1730"]
[Result "0-1"]
1.e4 e5
2.Ng1f3 d6
3.h3 Bf8e7
4.Bf1c4 Ng8f6
5.Nf3g5 O-O
6.O-O a6
7.Nb1c3 b5
8.Bc4b3 c5
9.a3 c4
10.Bb3a2 Bc8b7
11.b3 d5
12.exd5 Nf6xd5
13.Nc3xd5 Bb7xd5
14.bxc4 bxc4
15.Ng5f3 Nb8c6
16.c3 Be7f6
17.d3 Qd8b6
18.Bc1e3 Qb6c7
19.dxc4 Bd5xf3
20.Qd1xf3 Nc6a5
21.Qf3e4 Ra8b8
22.Ba2b1 g6
23.Qe4f3 Na5xc4
24.Be3h6 Bf6g7
25.Bh6g5 f6
26.Bg5h4 Rb8d8
27.Qf3e2 Rd8d2
28.Qe2f3 f5
29.Qf3g3 Bg7h6
30.Bb1a2 Bh6f4
31.Qg3f3 e4
32.Qf3xf4 Qc7xf4
33.Ba2xc4 Kh8
34.Bh4g3 Qf4g5
35.Bg3e5 Rf8f6
36.Ra1b1 Rd2d6
37.Rb1b8 Kg7
38.Rf1b1 f4
39.Be5xf6 Rd6xf6
40.Rb8b7 Kh6
41.Bc4xa6 f3
42.g3 e3
43.Rb7e7 exf2
44.Kxf2 Qg5c5
45.Kf1 Qc5xe7
46.Rb1e1 Qe7xe1
47.Kxe1 Rf6xa6
{ abandon }0-1

[Event "Tournoi n27358"]
[Site "www.echecsemail.com"]
[Date "2026.01.06"]
[Round "1"]
[White "Buzz84"]
[Black "Fouvolant"]
[WhiteElo "1500"]
[BlackElo "1380"]
[Result "0-1"]
1.d4 Ng8f6
2.Nb1c3 d5
3.Bc1f4 a6
4.Ng1f3 e6
5.e3 Nb8d7
6.Bf1d3 c5
7.Nf3e5 c4
8.Bd3e2 Bf8e7
9.a3 O-O
10.O-O b5
11.h3 Bc8b7
12.Bf4h2 Nf6e8
13.f4 f6
14.Ne5g4 Be7d6
15.Rf1f3 Kh8
16.Rf3g3 Qd8e7
17.Qd1d2 Rf8g8
18.Ra1f1 h5
19.Ng4f2 g6
20.h4 f5
21.Nf2h3 Ne8f6
22.Nh3g5 Nf6e4
23.Rg3h3 Ne4xd2
24.Rf1f2 Nd7f6
25.Be2d1 Nd2e4
26.Rf2e2 Ne4xc3
27.Re2e1 Nc3e4
28.Ng5xe4 dxe4
{ abandon }0-1

[Event "Défi"]
[Site "www.echecsemail.com"]
[Date "2026.01.06"]
[Round "1"]
[White "Manulatus"]
[Black "Tartu"]
[WhiteElo "1920"]
[BlackElo "1730"]
[Result "1/2-1/2"]
1.c4 c5
2.Nb1c3 Nb8c6
3.g3 e5
4.Bf1g2 Ng8f6
5.e4 d6
6.Ng1e2 Bc8e6
7.d3 h6
8.O-O Bf8e7
9.h3 O-O
10.f4 exf4
11.Ne2xf4 Ra8c8
12.Nf4xe6 fxe6
13.Ra1b1 b6
14.Bc1e3 e5
15.Qd1d2 a6
16.Rf1f2 Rc8b8
17.a4 Nc6d4
18.Nc3d5 Nf6xd5
19.exd5 Rf8xf2
20.Qd2xf2 Qd8f8
21.Rb1f1 Qf8xf2
22.Rf1xf2 Rb8f8
23.Bg2e4 Rf8xf2
24.Be3xf2 Nd4b3
25.Bf2e3 Kf7
26.Be4f5 g6
27.Bf5e6 Kf6
28.h4 g5
29.hxg5 hxg5
30.g4 a5
31.Kg2 Be7d8
32.Kg3 Nb3a1
33.Be6f5 Na1c2
34.Be3f2 Nc2d4
35.Bf2xd4 exd4
36.Kf3 Bd8c7
37.Ke4 Bc7d8
{ nul }1/2-1/2

[Event "Coupe Niveau 2"]
[Site "www.echecsemail.com"]
[Date "2026.01.06"]
[Round "1"]
[White "Patau"]
[Black "Woluwe1975"]
[WhiteElo "1700"]
[BlackElo "1630"]
[Result "1-0"]
1.e4 e6
2.d4 d5
3.exd5 exd5
4.Bf1d3 Bf8d6
5.h3 h6
6.Qd1f3 c6
7.Ng1e2 Ng8f6
8.O-O O-O
9.Bc1f4 Bd6e7
10.Nb1d2 Bc8e6
11.Bf4e5 Nb8d7
12.Ra1e1 Rf8e8
13.Ne2f4 Be7f8
14.Nf4xe6 fxe6
15.Bd3g6 Re8e7
16.Qf3g3 Nd7xe5
17.dxe5 Nf6d7
18.f4 Kh8
19.Nd2f3 Qd8b6
20.Qg3f2 Qb6xb2
21.a4 Nd7b6
22.Nf3d4 Nb6c4
23.Re1a1 Qb2c3
24.Ra1b1 Nc4d2
25.Nd4f3 Nd2xb1
26.Rf1xb1 Re7d7
27.Rb1b3 Qc3a1
28.Kh2 Qa1xa4
29.f5 Qa4f4
30.Qf2g3 Qf4xg3
31.Kxg3 c5
32.fxe6 Rd7c7
33.Rb3d3 d4
34.Rd3b3 Bf8e7
35.Bg6e4 Ra8b8
36.Nf3d2 b6
37.Nd2c4 Rb8f8
38.Rb3f3 Kg8
39.Rf3xf8 Kxf8
40.Nc4d6 g5
41.Nd6f7 h5
42.Be4g6 h4
43.Kg4 Kg7
44.Bg6e4 c4
45.Nf7xg5 Be7xg5
46.Kxg5 b5
47.Kxh4 b4
48.Kg5 d3
49.cxd3 cxd3
50.Be4xd3 Rc7b7
51.h4 b3
52.h5 b2
53.h6 Kh8
54.Bd3b1 Rb7b8
55.h7 Rb8e8
56.Kf6 Re8f8
57.Ke7 Rf8f1
58.Bb1d3 b1Q
59.Bd3xb1 Rf1xb1
60.Kf7 Rb1e1
61.e7 Re1xe5
62.e8Q Re5xe8
63.Kxe8 Kxh7
64.Kf7 Kh6
65.Kf6 Kh5
66.Kf5 a5
67.g4 Kh6
68.Kf6 a4
69.g5 Kh7
70.Kf7 a3
71.g6 Kh8
72.g7 { abandon }1-0

[Event "Transval 2"]
[Site "www.echecsemail.com"]
[Date "2026.01.06"]
[Round "1"]
[White "Patau"]
[Black "Turbo"]
[WhiteElo "1690"]
[BlackElo "1280"]
[Result "1-0"]
1.Ng1f3 Nb8c6
2.e4 e5
3.c3 h6
4.d4 a6
5.Nf3xe5 f6
6.Ne5g6 Rh8h7
7.Bf1c4 Nc6a5
8.Bc4d3 Ng8e7
9.e5 d6
10.O-O f5
11.Qd1h5 Bc8e6
12.Bc1g5 Be6g8
13.Bg5xe7 Bf8xe7
14.Ng6xe7 Kxe7
15.Bd3xf5 Bg8f7
16.exd6 Qd8xd6
17.Rf1e1 Kf6
18.Qh5f3 Ra8e8
19.Bf5xh7 { abandon }1-0

[Event "Défi"]
[Site "www.echecsemail.com"]
[Date "2026.01.06"]
[Round "1"]
[White "Patau"]
[Black "Cocodou"]
[WhiteElo "1680"]
[BlackElo "1640"]
[Result "0-1"]
1.e4 c5
2.Ng1f3 Nb8c6
3.g3 e5
4.Bf1g2 d6
5.O-O h6
6.d3 Ng8f6
7.Nb1d2 b5
8.Rf1e1 Bf8e7
9.Nd2f1 O-O
10.Nf1e3 a5
11.Ne3f5 Bc8xf5
12.exf5 Ra8c8
13.Bc1e3 Nf6g4
14.h3 Ng4xe3
15.fxe3 Qd8d7
16.e4 b4
17.c3 bxc3
18.bxc3 Be7f6
19.Qd1b3 Rc8b8
20.Qb3a4 Qd7c7
21.Ra1b1 Rb8xb1
22.Re1xb1 Rf8b8
23.Rb1xb8 Nc6xb8
24.Qa4e8 Kh7
25.Nf3d2 Nb8c6
26.Bg2f1 Bf6d8
27.d4 cxd4
28.cxd4 Nc6xd4
29.Bf1c4 Nd4f3
30.Nd2xf3 Qc7c5
31.Kg2 Bd8b6
32.Qe8xf7 Qc5f2
33.Kh1 Qf2xf3
{ abandon }0-1

[Event "Défi"]
[Site "www.echecsemail.com"]
[Date "2026.01.06"]
[Round "1"]
[White "Pgo"]
[Black "Pourquoipas"]
[WhiteElo "1710"]
[BlackElo "1650"]
[Result "1-0"]
1.e4 c6
2.Ng1f3 d5
3.e5 Bc8g4
4.Bf1e2 e6
5.O-O Bf8c5
6.h3 Bg4f5
7.d4 Bc5b6
8.Nb1c3 Ng8e7
9.Bc1g5 O-O
10.Bg5xe7 Qd8xe7
11.a3 f6
12.exf6 Rf8xf6
13.b4 Rf6g6
14.Be2d3 Qe7f6
15.Nf3e5 Bf5xd3
16.Qd1xd3 Bb6c7
17.Ne5xg6 Qf6xg6
18.Qd3xg6 hxg6
19.g3 Nb8d7
20.f4 Nd7f6
21.Ra1e1 Nf6h5
22.Kg2 Ra8f8
23.Re1xe6 g5
24.fxg5 Nh5xg3
25.Rf1xf8 Kxf8
26.h4 Kf7
27.Re6e3 Ng3f5
28.Re3f3 Kg6
29.Rf3xf5 Kxf5
30.Kf3 g6
31.a4 Bc7d6
32.b5 Bd6b4
33.bxc6 bxc6
34.Nc3e2 Bb4e1
35.Ne2g3 Ke6
36.Kg4 Be1xg3
37.Kxg3 Kf5
38.Kf3 a6
39.a5 Ke6
40.Kf4 Kd6
41.c3 Ke6
42.Kg4 Kd6
43.h5 gxh5
44.Kxh5 Ke7
45.Kg6 Kf8
46.Kh7 { abandon }1-0

[Event "Défi"]
[Site "www.echecsemail.com"]
[Date "2026.01.06"]
[Round "1"]
[White "Marcol"]
[Black "Artabam"]
[WhiteElo "1020"]
[BlackElo "1000"]
[Result "1-0"]
1.e4 e5
2.Bf1b5 a6
3.Bb5c4 Nb8c6
4.Ng1f3 Ng8f6
5.Nf3g5 Nf6xe4
6.Qd1e2 Ne4xg5
7.h4 Bf8c5
8.Qe2g4 O-O
9.hxg5 b5
10.Bc4d5 Bc8b7
11.Qg4f5 Nc6d4
12.c3 Nd4c2
13.Kd1 Bb7xd5
14.Kxc2 Qd8e8
15.Qf5xh7 1-0

[Event "Tournoi n27238"]
[Site "www.echecsemail.com"]
[Date "2026.01.06"]
[Round "1"]
[White "Jlr"]
[Black "Sergesee"]
[WhiteElo "1430"]
[BlackElo "1440"]
[Result "0-1"]
1.e4 Nb8c6
2.Bf1c4 e6
3.Ng1f3 f5
4.d3 Bf8b4
5.c3 Bb4c5
6.Bc1g5 Ng8e7
7.Qd1d2 h6
8.Bg5f4 d6
9.a3 b6
10.b4 d5
11.exd5 exd5
12.Bc4b5 a6
13.Bb5xc6 Ne7xc6
14.bxc5 bxc5
15.Qd2e3 Kf7
16.Nb1d2 Rh8e8
17.Nf3e5 Nc6xe5
18.Bf4xe5 d4
19.cxd4 cxd4
20.Qe3f4 g5
21.Qf4g3 f4
22.Qg3f3 Re8xe5
23.Nd2e4 Bc8d7
24.Qf3h5 Kg7
25.f3 Qd8e7
26.Kf2 g4
27.fxg4 Re5xh5
28.gxh5 Qe7h4
29.g3 Qh4xh5
30.Ra1g1 Bd7b5
31.gxf4 Kf8
32.Ne4g3 Qh5h4
33.Kg2 Bb5c6
34.Kf2 Bc6xh1
35.Rg1xh1 Qh4xf4
36.Kg2 Qf4d2
37.Kh3 Qd2xd3
38.Rh1f1 Kg7
39.a4 Ra8g8
40.Rf1g1 Kh7
41.Rg1g2 Qd3f3
42.a5 Qf3g4
0-1

[Event "Transval 2"]
[Site "www.echecsemail.com"]
[Date "2026.01.07"]
[Round "1"]
[White "Patau"]
[Black "Woluwe1975"]
[WhiteElo "1690"]
[BlackElo "1630"]
[Result "1/2-1/2"]
1.Ng1f3 Ng8f6
2.c4 c5
3.Nb1c3 Nb8c6
4.e4 e5
5.Bf1d3 d6
6.h3 Bf8e7
7.O-O Bc8d7
8.Nc3d5 Nf6xd5
9.cxd5 Nc6b4
10.Qd1e2 Nb4xd3
11.Qe2xd3 Qd8b6
12.Qd3b3 O-O
13.d3 Qb6c7
14.Bc1e3 b5
15.Nf3h2 f5
16.f4 a5
17.fxe5 fxe4
18.Rf1xf8 Ra8xf8
19.exd6 Be7xd6
20.Nh2g4 exd3
21.Qb3xd3 c4
22.Qd3c2 Bd6c5
23.Ra1e1 Bc5xe3
24.Re1xe3 Qc7c5
25.Kh1 Bd7xg4
26.Qc2e4 Bg4f5
27.Qe4e5 Kh8
28.Re3f3 h6
29.Rf3xf5 Rf8xf5
30.Qe5xf5 Qc5d6
31.Qf5c8 { nul }1/2-1/2

[Event "Eq:au plaisir du jeux -Fair play :"]
[Site "www.echecsemail.com"]
[Date "2026.01.07"]
[Round "1"]
[White "Cyrildu57"]
[Black "Mequinho"]
[WhiteElo "2080"]
[BlackElo "1910"]
[Result "0-1"]
1.e4 b6
2.d4 Bc8b7
3.Nb1c3 e6
4.Ng1f3 c5
5.d5 exd5
6.Nc3xd5 Bf8e7
7.Bf1c4 Ng8f6
8.e5 Nf6xd5
9.Bc4xd5 Bb7xd5
10.Qd1xd5 Nb8c6
11.Bc1d2 O-O
 { temps }0-1

[Event "Tournoi échelle champions"]
[Site "www.echecsemail.com"]
[Date "2026.01.07"]
[Round "1"]
[White "Electronlibre"]
[Black "Elghribi"]
[WhiteElo "1970"]
[BlackElo "1980"]
[Result "1-0"]
1.d4 Ng8f6
2.c4 g6
3.Nb1c3 Bf8g7
4.e4 d6
5.f3 O-O
6.Ng1e2 h6
7.Bc1e3 Nb8c6
8.g3 e5
9.d5 Nc6e7
10.Qd1d2 Kh7
11.g4 Nf6g8
12.h4 f5
13.h5 f4
14.hxg6 Ne7xg6
15.Be3f2 Bg7f6
16.O-O-O Bf6g5
17.Ne2g1 Ng6h4
18.b3 Bc8d7
19.Kb2 Qd8e7
20.Qd2e1 Nh4g6
21.Ng1h3 Kg7
22.Nh3xg5 hxg5
23.Bf1d3 Ng8f6
24.Qe1g1 a6
25.c5 Rf8h8
26.Qg1g2 dxc5
27.Nc3e2 b6
28.Rh1xh8 Ra8xh8
29.Ne2c3 b5
30.Bd3c2 Ng6h4
31.Bf2xh4 Rh8xh4
32.Nc3e2 Nf6e8
33.Ne2c3 Kf6
34.Qg2f2 Ne8d6
35.Qf2xc5 Bd7c8
36.Qc5f2 Qe7h7
37.Rd1d2 Rh4h1
38.a3 Qh7h4
39.Qf2a7 Qh4h7
40.Qa7c5 Rh1f1
41.Rd2f2 Rf1h1
42.Rf2d2 Qh7d7
43.Rd2d1 Rh1xd1
44.Nc3xd1 Bc8b7
45.Nd1c3 Qd7e7
46.Qc5f2 Bb7c8
47.Qf2h2 Nd6f7
48.Qh2d2 Qe7c5
49.b4 Qc5d6
50.Qd2f2 Bc8b7
51.Bc2d3 Nf7h8
52.Kb3 Nh8g6
53.Qf2a7 Bb7c8
54.a4 bxa4
55.Nc3xa4 Ng6e7
56.Na4c5 Ne7g6
57.Qa7b8 Ng6e7
58.Bd3xa6 Bc8xa6
59.Qb8f8 Kg6
60.Nc5e6 { abandon }1-0

[Event "Défi"]
[Site "www.echecsemail.com"]
[Date "2026.01.07"]
[Round "1"]
[White "Colyoun"]
[Black "Berjay"]
[WhiteElo "1680"]
[BlackElo "1690"]
[Result "1-0"]
1.e4 e5
2.Ng1f3 Nb8c6
3.Bf1b5 Bf8c5
4.O-O d6
5.c3 Bc8d7
6.d4 Bc5b6
7.d5 Nc6e7
8.Bb5xd7 Qd8xd7
9.c4 Ng8f6
10.Nb1c3 O-O-O
11.h3 h6
12.Rf1e1 g5
13.a4 Nf6h5
14.b4 g4
15.hxg4 Qd7xg4
16.Nf3h2 Qg4g6
17.Qd1g4 Qg6xg4
18.Nh2xg4 Rd8g8
19.Ng4xh6 Rg8g7
20.Kf1 Nh5f4
21.Bc1xf4 Ne7g6
22.Bf4d2 Ng6f4
23.Bd2xf4 Bb6d4
24.Bf4d2 Bd4xc3
25.Bd2xc3 Rh8xh6
26.g3 Rg7g4
27.Kg2 Kd7
28.Re1h1 Rh6xh1
29.Ra1xh1 Rg4xe4
30.Kf1 Re4xc4
31.Bc3e1 Rc4d4
32.Rh1h4 Rd4xd5
33.Ke2 c5
34.bxc5 Rd5xc5
35.a5 Ke7
36.Ke3 Ke6
37.Be1b4 Rc5c6
38.Kd3 d5
39.Rh4h6 f6
40.f3 b6
41.axb6 axb6
42.g4 b5
43.Rh6h7 Rc6c4
44.Rh7e7 1-0

[Event "Tournoi n27140"]
[Site "www.echecsemail.com"]
[Date "2026.01.07"]
[Round "1"]
[White "Jipepe"]
[Black "Aramis"]
[WhiteElo "1580"]
[BlackElo "1570"]
[Result "0-1"]
1.e4 e5
2.Ng1f3 d6
3.d4 exd4
4.Nf3xd4 Bf8e7
5.Nd4f5 Be7f6
6.Bf1d3 Bc8xf5
7.exf5 Ng8e7
8.O-O O-O
9.Qd1g4 Nb8c6
10.Bc1h6 Kh8
11.Bh6e3 Nc6e5
12.Qg4e2 Qd8d7
13.Nb1c3 c6
14.f4 Ne5xd3
15.Qe2xd3 d5
16.Nc3e4 Qd7xf5
17.Ne4xf6 Qf5xf6
18.c3 a6
19.Be3d4 Qf6h6
20.Ra1e1 Ne7g8
21.Re1e3 f6
22.Re3h3 Qh6xh3
23.Qd3xh3 Ra8e8
24.Bd4f2 Ng8h6
25.g4 Re8e4
26.Bf2g3 Nh6f7
27.Bg3h4 Kg8
28.g5 fxg5
29.fxg5 Rf8e8
30.Kf2 Re4e2
31.Kg1 Re2e6
32.Qh3g2 Nf7e5
33.h3 Ne5g6
34.Bh4g3 Ng6e5
35.h4 h6
36.Qg2d2 hxg5
37.hxg5 Ne5c4
38.Qd2c1 Nc4e3
39.Rf1f4 Re6g6
40.Bg3h4 Ne3c4
41.Kf2 Nc4d6
42.Kf3 b5
43.Qc1c2 Rg6e6
44.Bh4f2 Nd6f7
45.Kg4 Nf7h8
46.Bf2d4 Nh8g6
47.Rf4f5 Ng6e7
48.Rf5e5 Ne7c8
49.Re5xe6 Re8xe6
50.Kf5 Re6e7
51.g6 Nc8d6
52.Kg5 Nd6e4
53.Kf4 c5
54.Bd4e5 Re7e8
55.Qc2h2 Re8e6
56.Qh2h7 Kf8
 { temps }0-1

[Event "Amical( 10J+24H/c 10J Max )"]
[Site "www.echecsemail.com"]
[Date "2026.01.07"]
[Round "1"]
[White "Woluwe1975"]
[Black "Patau"]
[WhiteElo "1640"]
[BlackElo "1720"]
[Result "0-1"]
1.e4 e5
2.c3 Ng8f6
3.d4 exd4
4.e5 Qd8e7
5.Qd1e2 Nf6d5
6.cxd4 d6
7.f4 dxe5
8.Qe2xe5 Nb8c6
9.Bf1b5 Bc8d7
10.Ng1f3 Nc6xe5
{ abandon }0-1

[Event "Défi"]
[Site "www.echecsemail.com"]
[Date "2026.01.07"]
[Round "1"]
[White "Roschecx"]
[Black "Wenoketo"]
[WhiteElo "1620"]
[BlackElo "1630"]
[Result "1-0"]
1.e4 c6
2.Ng1f3 e6
3.d4 d5
4.e5 Nb8d7
5.c3 c5
6.a3 cxd4
7.cxd4 Bf8e7
8.Bf1e2 b6
9.h3 Bc8b7
10.O-O Ra8c8
11.Bc1d2 Rc8c7
12.Bd2c3 Qd8c8
13.Nb1d2 Bb7a6
14.Be2xa6 Qc8xa6
15.b4 Qa6c8
16.Bc3b2 Ng8h6
17.b5 O-O
18.a4 Be7b4
19.Bb2a3 Bb4xa3
20.Ra1xa3 Qc8b7
21.Ra3a1 Rf8c8
22.Qd1e2 Rc7c2
23.Qe2e3 Nh6f5
24.Qe3f4 Rc2c7
25.g4 Nf5e7
26.Rf1d1 Nd7f8
27.Kg2 Ne7g6
28.Qf4g3 Rc7c3
29.h4 Ng6e7
30.g5 g6
31.Qg3g4 Ne7f5
32.h5 Rc8c7
33.h6 Qb7c8
34.Qg4f4 Qc8d8
35.Nd2f1 Qd8c8
36.Nf1g3 Nf5xg3
37.Kxg3 Rc7c4
38.Qf4f6 Rc3xf3
39.Kxf3 Rc4c3
40.Kf4 { abandon }1-0

[Event "Défi"]
[Site "www.echecsemail.com"]
[Date "2026.01.07"]
[Round "1"]
[White "Tian"]
[Black "Jipepe"]
[WhiteElo "1340"]
[BlackElo "1540"]
[Result "1-0"]
1.d4 d5
2.e3 Nb8c6
3.Bf1b5 Bc8d7
4.Bb5xc6 Bd7xc6
5.Ng1f3 Ng8f6
6.h3 Qd8d6
7.Nf3g5 h6
8.Ng5f3 O-O-O
9.Nb1c3 Nf6e4
10.Nc3xe4 dxe4
11.Nf3e5 Bc6d5
12.b3 f5
13.Ne5f7 Bd5xf7
14.g4 fxg4
15.Qd1xg4 Qd6e6
16.Qg4g3 g5
17.h4 g4
18.Bc1d2 h5
19.Bd2a5 b6
20.Ke2 bxa5
21.Rh1d1 Qe6a6
22.c4 Bf8h6
23.Qg3g2 Bf7g6
24.d5 Qa6f6
25.Rd1d4 Qf6f3
26.Kf1 Qf3xg2
27.Kxg2  { temps }1-0

[Event "Défi"]
[Site "www.echecsemail.com"]
[Date "2026.01.07"]
[Round "1"]
[White "Bibisept"]
[Black "Gediato30"]
[WhiteElo "1970"]
[BlackElo "2180"]
[Result "0-1"]
1.d4 Ng8f6
2.c4 d5
3.cxd5 Nf6xd5
4.e4 Nd5f6
5.Nb1c3 Nb8c6
6.Ng1f3 e6
7.Bc1g5 h6
8.Bg5h4 g5
9.Bh4g3 Nf6h5
10.Bf1b5 Bc8d7
11.a3 Nh5xg3
12.hxg3 Bf8g7
13.Qd1d3 a6
14.Bb5c4 g4
15.Nf3h2 Nc6xd4
16.Nh2xg4 h5
17.Ng4e3 Qd8g5
18.Nc3e2 Nd4xe2
19.Kxe2 O-O-O
20.Qd3c2 Bd7b5
21.Ra1c1 Rd8d7
22.a4 Bb5xc4
23.Qc2xc4 Bg7xb2
24.Rc1c2 Bb2d4
25.Rh1d1 Qg5e5
26.f4 Qe5xe4
27.Rd1d3 Kb8
28.Kf2 Bd4xe3
29.Rd3xe3 Qe4xc4
30.Rc2xc4 Rd7d5
31.Kf3 b5
32.axb5 axb5
33.Re3b3 Kb7
34.g4 hxg4
35.Kxg4 Rh8g8
36.Kf3 Kb6
37.Rc4c2 c5
38.g4 Rg8d8
39.Ke4 Rd5d4
40.Ke3 b4
41.g5 Kb5
42.Kf3 c4
43.Rb3e3 Rd4d3
44.Re3xd3 Rd8xd3
45.Ke4 b3
46.Rc2b2 Kb4
47.f5 exf5
48.Kxf5 c3
49.Rb2f2 c2
50.Ke4 Rd3d7
{ abandon }0-1

[Event "Eq:Les Rois du Succes-Les enfants de l Atlantide :"]
[Site "www.echecsemail.com"]
[Date "2026.01.07"]
[Round "1"]
[White "Harvir"]
[Black "Luc20"]
[WhiteElo "1990"]
[BlackElo "1850"]
[Result "1-0"]
1.e4 e6
2.d4 d5
3.e5 c5
4.c3 Nb8c6
5.Ng1f3 h6
6.Bf1e2 a6
7.O-O b5
8.Nf3e1 c4
9.f4 Ng8e7
10.Be2h5 g6
11.Bh5g4 Ne7f5
12.Bg4xf5 exf5
13.a4 b4
14.Bc1d2 bxc3
15.Bd2xc3 a5
16.Nb1a3 Bf8b4
17.Na3b5 Ke7
18.Ne1c2 Bc8e6
19.Bc3xb4 axb4
20.Qd1e1 b3
21.Nc2e3 Kd7
22.Qe1f2 Qd8b6
23.Rf1d1 Nc6a7
24.Nb5c3 Qb6a5
25.Qf2f3 Kc6
26.g4 Ra8b8
27.gxf5 Be6xf5
28.Ne3xf5 gxf5
29.Kf2 Rb8g8
30.Rd1g1 Qa5d8
31.Qf3h5 Rg8xg1
32.Ra1xg1 Qd8f8
33.Qh5xf5 Qf8e7
34.Qf5h5 Kb6
35.Nc3xd5 { abandon }1-0

[Event "Coupe Niveau 2"]
[Site "www.echecsemail.com"]
[Date "2026.01.07"]
[Round "1"]
[White "Tartu"]
[Black "Panchoa"]
[WhiteElo "1710"]
[BlackElo "1600"]
[Result "1/2-1/2"]
1.e4 e5
2.Ng1f3 Nb8c6
3.Bf1b5 Ng8f6
4.Nb1c3 Bf8b4
5.d3 O-O
6.O-O d6
7.a3 Bb4xc3
8.bxc3 Bc8d7
9.Bc1g5 a6
10.Bb5xc6 Bd7xc6
11.Rf1e1 b5
12.d4 Bc6d7
13.dxe5 dxe5
14.Nf3xe5 Qd8e7
15.Bg5xf6 gxf6
16.Ne5xd7 Ra8d8
17.Nd7xf6 Qe7xf6
18.Qd1g4 Kh8
19.e5 Qf6e6
20.Re1e3 Rf8g8
21.Qg4xe6 fxe6
22.Re3d3 Rd8f8
23.g3 Rg8g5
24.f4 Rf8xf4
25.Ra1d1 Rf4f5
26.Rd3d8 Kg7
27.Rd8d7 Kh6
28.Rd7xc7 Rf5xe5
29.Rd1d7 Re5e1
30.Kf2 Re1c1
31.Rd7xh7 Kg6
32.Rh7g7 Kf5
33.Rc7c5 e5
34.Rg7xg5 Kxg5
35.Rc5xe5 Kf6
36.Re5e2 Kf5
37.h3 Rc1a1
38.Ke3 Ra1xa3
39.Kd3 a5
40.Re2e1 b4
41.Re1b1 Ra3xc3
42.Kd2 Rc3xg3
43.Rb1a1 Ke4
44.Ra1xa5 Rg3xh3
45.Ra5a4 Rh3h2
46.Ke1 Ke3
47.Kf1 Kf3
48.Ke1 Ke3
{ nul }1/2-1/2